[Event "Belgrade Spring op"]
[Site "Belgrade"]
[Date "2010.03.25"]
[Round "3"]
[White "Petrovski, Igor"]
[Black "Klasan, Vladimir"]
[Result "1/2-1/2"]
[WhiteElo "2026"]
[BlackElo "2353"]
[PlyCount "103"]
[EventDate "2010.03.23"]
[EventType "swiss"]
[EventRounds "9"]
[EventCountry "YUG"]
[SourceTitle "CBM 135 Extra"]
[Source "ChessBase"]
[SourceDate "2010.05.04"]
[SourceVersion "1"]
[SourceVersionDate "2010.05.04"]
[SourceQuality "1"]

1. e4 e5 2. Nf3 Nc6 3. Bb5 f5 4. Bxc6 dxc6 5. Qe2 fxe4 6. Qxe4 Nf6 7. Qxe5+ Be7 8. 0-0 0-0 9. d4 Bg4 10. Nbd2 Bd6 11. Qe2 Nd5 12. Re1 Qd7 13. Qf1 Nf4 14. Ng5 Qf5 15. Nge4 Qh5 16. f3 Nd5 17. Nxd6 cxd6 18. Ne4 Qg6 19. Kh1 Rae8 20. Bd2 Bf5 21. Qe2 Kh8 22. Qc4 Bxe4 23. fxe4 Rf2 24. Rg1 Rxd2 25. exd5 Rxc2 26. Qb3 cxd5 27. Qxb7 Qe4 28. Qf7 h6 29. h3 Qe6 30. Qxa7 Qg6 31. Qd7 Ree2 32. Qg4 Qxg4 33. hxg4 Rxb2 34. a4 Ra2 35. a5 Rxg2 36. Rgb1 Rh2+ 37. Kg1 Rag2+ 38. Kf1 Rc2 39. Kg1 Rhg2+ 40. Kh1 Rh2+ 41. Kg1 Rcg2+ 42. Kf1 Ra2 43. Kg1 Rhb2 44. Rxa2 Rxa2 45. Rb5 Kg8 46. Rxd5 Kf7 47. Rxd6 Rxa5 48. Kf2 Ra3 49. Rb6 Rd3 50. Rd6 Ke7 51. Rd5 Ke6 52. Rd8 1/2-1/2